IFM Opac

TANZANIA AUDING STANDARDS (Record no. 18899)

MARC details
000 -LEADER
fixed length control field 00306nam a22001217a 4500
020 ## - INTERNATIONAL STANDARD BOOK NUMBER
International Standard Book Number 9976780141
082 ## - DEWEY DECIMAL CLASSIFICATION NUMBER
Classification number 657.45 TAN
245 ## - TITLE STATEMENT
Title TANZANIA AUDING STANDARDS
250 ## - EDITION STATEMENT
Edition statement 2 ed
260 ## - PUBLICATION, DISTRIBUTION, ETC.
Place of publication, distribution, etc. Dar es salaam
Name of publisher, distributor, etc. National board of accounts and auditors
Date of publication, distribution, etc. 2002
300 ## - PHYSICAL DESCRIPTION
Extent vii,279pg
Other physical details ill., 20cm
942 ## - ADDED ENTRY ELEMENTS (KOHA)
Koha item type Books

No items available.